Autismo en mujeres chilenas : significaciones acerca del proceso de diagnóstico tardío

La prevalencia del Trastorno del Espectro Autista en Chile, va en aumento. Actualmente se desconoce con exactitud la prevalencia chilena, sin embargo, un último estudio, arroja una prevalencia de 1 de cada 51 niños, 4 niños por 1 niña. Históricamente, el TEA ha sido asociado a una condición casi ex...

Descripción completa

Detalles Bibliográficos
Autor principal: Ábalos Burgos, Marcela
Otros Autores: Ramírez Pino, Catalina (profesora guía)
Formato: Tesis
Lenguaje:español
Publicado: Santiago, Chile : Universidad Academia de Humanismo Cristiano, 2023.
Materias:
Acceso en línea:Disponible en línea (PDF). Biblioteca Digital UAHC

MARC

LEADER 00000nmm a22000007a 4500
001 000321
003 UAHC_CL
005 20260323101340.0
008 250623s2023 cl o d 000 spa
040 |a UAHC_CL  |c UAHC_CL  |d UAHC_CL 
100 |a Ábalos Burgos, Marcela  |9 21692 
245 1 3 |a Autismo en mujeres chilenas :  |b significaciones acerca del proceso de diagnóstico tardío  |c Marcela Abalos ; profesora guía Catalina Ramírez. 
260 |a Santiago, Chile :  |b Universidad Academia de Humanismo Cristiano,  |c 2023. 
300 |a 26 páginas. 
500 |a Tesis para optar al grado académico de Licenciado/a en Psicología y título de Psicólogo/a. 
502 |a Tesina (Psicología) -- Universidad Academia de Humanismo Cristiano, 2023. 
516 |a Tesis electrónica (PDF). Solicitar envío de documento a biblioteca@academia.cl. 
520 |a La prevalencia del Trastorno del Espectro Autista en Chile, va en aumento. Actualmente se desconoce con exactitud la prevalencia chilena, sin embargo, un último estudio, arroja una prevalencia de 1 de cada 51 niños, 4 niños por 1 niña. Históricamente, el TEA ha sido asociado a una condición casi exclusiva de niños y hombres. A través de una entrevista estructurada, la presente investigación cualitativa, da cuenta de las significaciones que hacen mujeres adultas sobre su proceso de diagnóstico tardío, resultando una muestra clara como una vivencia liberadora, que da respuesta a años de diagnósticos errados, permitiendo comprender desde sus experiencias las vivencias de no tener un diagnóstico oportuno. 
650 0 |a Autismo  |x Aspectos sociales  |9 20594 
650 0 |a Trastorno del espectro autista  |9 20066 
700 |a Ramírez Pino, Catalina  |9 15350  |e profesora guía 
856 |u https://bibliotecadigital.academia.cl/handle/123456789/7472  |y Disponible en línea (PDF). Biblioteca Digital UAHC 
900 |a TPSICO 1092 
942 |c TS 
952 |0 0  |1 0  |2 ddc  |4 0  |6 TPSICO_1092_000000000000000  |7 0  |8 COMP  |9 100910  |a BC  |b BC  |c Digital  |d 2025-06-23  |l 0  |o TPSICO 1092  |r 2025-06-23 12:06:05  |w 2025-06-23  |y TS  |z Documento en PDF  |B PSI 
999 |c 62700  |d 62700